|
|
|
|
| LEADER |
00000naa2a2200000 4500 |
| 001 |
236622 |
| 005 |
20231031204724.0 |
| 035 |
|
|
|a (RuTPU)RU\TPU\book\257788
|
| 035 |
|
|
|a RU\TPU\book\257780
|
| 090 |
|
|
|a 236622
|
| 100 |
|
|
|a 20130425d2011 k y0rusy50 ca
|
| 101 |
0 |
|
|a rus
|
| 102 |
|
|
|a RU
|
| 200 |
1 |
|
|a Перспективы введения систем дифференцированных страховых взносов
|f А. В. Давыдова, А. В. Тарадаева
|
| 225 |
1 |
|
|a Экономика современных предприятий и отраслей
|
| 320 |
|
|
|a Библиогр.: с. 139 (4 назв.)
|
| 463 |
|
0 |
|0 (RuTPU)RU\TPU\book\250468
|t Экономика России в XXI веке
|o сборник научных трудов VIII Всероссийской научно-практической конференции "Фундаментальные проблемы модернизации экономики России", г. Томск, 15-18 ноября 2011 г.
|f Национальный исследовательский Томский политехнический университет (ТПУ), Инженерно-экономический факультет ; под ред. Г. А. Барышевой, Л. М. Борисовой
|v С. 137-139
|d 2011
|p 420 с.
|
| 610 |
1 |
|
|a страховые взносы
|
| 610 |
1 |
|
|a дифференцированные взносы
|
| 610 |
1 |
|
|a депозиты
|
| 610 |
1 |
|
|a страхование
|
| 610 |
1 |
|
|a перспективы
|
| 700 |
|
1 |
|a Давыдова
|b А. В.
|
| 701 |
|
1 |
|a Тарадаева
|b А. В.
|
| 801 |
|
1 |
|a RU
|b 63413507
|c 20121214
|
| 801 |
|
2 |
|a RU
|b 63413507
|c 20130425
|g RCR
|
| 942 |
|
|
|c BK
|